Normal view
MARC view
- MS-MTS-86 MSTHESIS
Entry Topical Term
001 - CONTROL NUMBER
- control field: 69676
003 - CONTROL NUMBER IDENTIFIER
- control field: NUST
005 - DATE AND TIME OF LATEST TRANSACTION
- control field: 20210628204257.0
008 - FIXED-LENGTH DATA ELEMENTS
- fixed length control field: 210628|| aca||aabn | a|a d
040 ## - CATALOGING SOURCE
- Original cataloging agency: NUST
- Transcribing agency: NUST
150 ## - HEADING--TOPICAL TERM
- Topical term or geographic name entry element: MS-MTS-86 MSTHESIS
670 ## - SOURCE DATA FOUND
- Source citation: Work cat.: (NUST): MUHAMMAD ALTAF HUSSAIN 69675, TH-SOF-1601-Clinical Detection and Stage Classification System for Diabetic Retinopathy using Pattern Recognition on Digital Fundus Images, 2018
